书目信息 |
| 题名: |
平面构成入门
|
|
| 作者: | 陆红阳 著 | |
| 分册: | ||
| 出版信息: | 广西 广西美术出版社 1996.08 |
|
| 页数: | 48页 | |
| 开本: | 16开 | |
| 丛书名: | ||
| 单 册: | ||
| 中图分类: | J206.1 | |
| 科图分类: | ||
| 主题词: | 绘画理论 | |
| 电子资源: | ||
| ISBN: | 7-80625-089-1 | |
| 000 | 00499nam0 2200181 45 | |
| 001 | 0010251501 | |
| 005 | 20081017152510.35 | |
| 010 | @a7-80625-089-1@d8.50元 | |
| 100 | @a20001025d1996 km y0chiy0120 ea | |
| 101 | 0 | @achi |
| 200 | 1 | @a平面构成入门@APing Mian Gou Cheng Ru Men@f陆红阳著@FLu Hong Yang Zhu |
| 210 | @a广西@c广西美术出版社@d1996.08 | |
| 215 | @a48页@d16开 | |
| 606 | 0 | @a绘画理论 |
| 690 | @aJ206.1@v3 | |
| 701 | 0 | @a陆红阳@4著 |
| 801 | @aCN@c20081017 | |
| 905 | @b188063-065@dJ206.1@eL914@f3 | |
| 平面构成入门/陆红阳著.-广西:广西美术出版社,1996.08 |
| 48页;16开 |
| ISBN 7-80625-089-1:8.50元 |
| ● |
| 相关链接 |
|
|
|
正题名:平面构成入门
索取号:J206.1/L914
 
预约/预借
| 序号 | 登录号 | 条形码 | 馆藏地/架位号 | 状态 | 备注 |
| 1 | 188063 | 201880633 | 自科二线404/404自科库 15排5列1层/ [索取号:J206.1/L914] | 在馆 | |
| 2 | 188064 | 201880642 | 自科二线404/404自科库 15排5列1层/ [索取号:J206.1/L914] | 在馆 | |
| 3 | 188065 | 201880651 | 自科二线404/404自科库 15排5列1层/ [索取号:J206.1/L914] | 在馆 | |
| 4 | 454949 | 204549499 | 自科二线404/404自科库 15排4列1层/ [索取号:J206.1/L914] | 在馆 | |
| 5 | 454950 | 204549505 | 自科二线404/404自科库 15排5列1层/ [索取号:J206.1/L914] | 在馆 | |
| 6 | 454951 | 204549514 | 自科二线404/309社科库 67排3列4层/ [索取号:J206.1/L914] | 在馆 | |
| 7 | 454952 | 204549523 | 自科二线404/309社科库 67排3列4层/ [索取号:J206.1/L914] | 在馆 | |
| 8 | 454953 | 204549532 | 自科二线404/309社科库 67排3列4层/ [索取号:J206.1/L914] | 在馆 | |
| 9 | 454954 | 204549541 | 自科二线404/404自科库 15排4列1层/ [索取号:J206.1/L914] | 在馆 | |
| 10 | 454955 | 204549550 | 自科二线404/404自科库 15排5列1层/ [索取号:J206.1/L914] | 在馆 | |
| 11 | 454956 | 204549569 | 自科二线404/404自科库 4排4列1层/ [索取号:J206.1/L914] | 在馆 | |
| 12 | 454957 | 204549578 | 自科二线404/309社科库 67排3列4层/ [索取号:J206.1/L914] | 在馆 | |
| 13 | 454958 | 204549587 | 社科库309/309社科库 67排3列2层/ [索取号:J206.1/L914] | 在馆 | |
| 14 | 454959 | 204549596 | 自科二线404/309社科库 67排3列4层/ [索取号:J206.1/L914] | 在馆 | |
| 15 | 454960 | 204549603 | 自科二线404/309社科库 67排3列4层/ [索取号:J206.1/L914] | 在馆 | |
| 16 | 454961 | 204549612 | 自科二线404/404自科库 4排4列1层/ [索取号:J206.1/L914] | 在馆 | |
| 17 | 454962 | 204549621 | 自科二线404/309社科库 67排3列4层/ [索取号:J206.1/L914] | 在馆 | |
| 18 | 454963 | 204549630 | 自科二线404/404自科库 15排5列1层/ [索取号:J206.1/L914] | 在馆 | |
| 19 | 454964 | 204549649 | 自科二线404/404自科库 4排4列1层/ [索取号:J206.1/L914] | 在馆 | |
| 20 | 454965 | 204549658 | 社科库309/309社科库 67排3列2层/ [索取号:J206.1/L914] | 在馆 | |
| 21 | 454966 | 204549667 | 自科二线404/309社科库 67排3列4层/ [索取号:J206.1/L914] | 在馆 |